Diversity of Colombia Passifloraceae (Registro nro. 16230)
[ vista simple ]
| 000 -CABECERA | |
|---|---|
| Campo de control | 008540000a22002650004500 |
| 090 ## - CLASIFICACIÓN LOCAL | |
| Colección | AS |
| Consecutivo | SERIADAS |
| 041 0# - IDIOMA | |
| Código de idioma para texto/pista de sonido o título separado | |
| 044 ## - PAÍS DE PUBLICACIÓN | |
| País de publicación | |
| 100 1# - ASIENTO PRINCIPAL--NOMBRE PERSONAL | |
| Nombre personal | Ocampo Pérez, John |
| 245 10 - MENCION DE TITULO | |
| Título | Diversity of Colombia Passifloraceae |
| Version | biogeography and an updated list of conservation |
| 651 #4 - ASIENTO SECUNDARIO DE MATERIA - NOMBRE GEOGRAFICO | |
| -- | Colombia |
| 653 ## - TERMINO DE INDIZACION - NO CONTROLADO | |
| -- | Passifloraceae |
| -- | Flor de la pasión |
| 700 1# - ASIENTO SECUNDARIO - NOMBRE PERSONAL | |
| Nombre personal | Coppens d'Eeckenbrugger, Geo |
| 700 1# - ASIENTO SECUNDARIO - NOMBRE PERSONAL | |
| Nombre personal | Restrepo, María |
| 700 1# - ASIENTO SECUNDARIO - NOMBRE PERSONAL | |
| Nombre personal | Jarvis, Andy |
| 700 1# - ASIENTO SECUNDARIO - NOMBRE PERSONAL | |
| Nombre personal | Salazar, Mike |
| 700 1# - ASIENTO SECUNDARIO - NOMBRE PERSONAL | |
| Nombre personal | Caetano, Creuci |
| 773 1# - Item fuente: | |
| Título | Biota Colombiana |
| Descripción física | 1 |
| Paginas del Articulo | 1-45 |
| Lugar, editorial y fecha de publicación | 2006 |
| Información sobre la relación | 8 |
| 942 ## - ELEMENTOS ADICIONALES (KOHA) | |
| Tipo de ítem | Artículo |
No hay ítems disponibles.